000 00397cam a2200169ua 4500
020 _c7.00
041 _aeng
_h
082 _a519
_bSAX/EL
100 _aSaxena, H C .
245 _aElementary statistics /
_cH C Saxena.
_hTextual Documents
260 _aNew Delhi :
_bS.Chand & Sons ,
_c1962.
300 _a250 ; .
365 _a7.00
504 _a
942 _cBK
999 _c3220
_d3220